01022nas a2200349 4500001001300000003000900013005001700022007000300039008003400042040005400076041000900130072000800139100002000147100002000167100001600187100002000203100002000223100001800243100002400261100002100285100001700306100001800323100002300341100001600364245010000380650001800480650002000498650001200518650001300530650001900543773011000562BR2011004398BR-BrBNA20231205115501.0ta230509b bl.|||p| |||| 00| 00por d aBR-BrBNAbporcBiblioteca Nacional de Agricultura a(En) aL731 aSchatzmay, H.G.1 aSimonetti, B.R.1 aAbreu, D.C.1 aSimonetti, J.P.1 aSimonetti, S.R.1 aCosta, R.V.C.1 aGonçalves, M.C.R.1 aD'Andréa, P.S.1 aGerhardt, M.1 aSilva, M.E.V.1 aFarias-Filho, J.C.1 aBarth, O.M.1 aAnimal infestions by vaccinia-like viruses in the state of Rio de Janeiro: an expanding disease aGADO LEITEIRO aDOENÇA ANIMAL aVÍRUS aANTICOPO aRIO DE JANEIRO0 tPesquisa Veterinária Brasileira (Brazil)xISSN 0100-736Xg(Jul 2009), v. 29(7) p. 509-514wBR2011004398